Rejestracje samochodowe (Śląsk) - Statystyki

Ogólne statystyki
  • Ten quiz został rozwiązany 29 razy
  • Średni wynik to 21 z 28
Statystyki odpowiedzi
Hint Odpowiedź % Poprawnych
Bielsko Biała SB
100%
Częstochowa SC
100%
Katowice SK
100%
Jaworzno SJ
96%
Mysłowice SM
96%
Rybnik SR
96%
Dąbrowa Górnicza SD
92%
Gliwice SG
92%
Chorzów SH
92%
Bytom SY
88%
Będzin SBE
81%
Czeladź SBE
81%
Czechowice-Dziedzice SBI
81%
Siemianowice Śląskie SI
81%
Jastrzębie - Zdrój SJZ
81%
Ruda Śląska SL
81%
Cieszyn SCI
77%
Kłobuck SKL
73%
Czerwionka-Leszczyny SRB
73%
Piekary Śląskie SPI
69%
Bieruń SBL
65%
Imielin SBL
65%
Ruda Śląska SRS
58%
Blachownia SCZ
54%
Koniecpol SCZ
54%
Knurów SGL
38%
Kalety STA
31%
Rybnik IR
12%
Nie znaleziono quizów pasujących do podanych kryteriów
Rozkład punktacji
Procent ludzi z każdym wynikiem
Percentyl według liczby udzielonych odpowiedzi
Twoja historia wyników
Nie rozwiązałeś tego quizu